[Event "Varese op 19th"]
[Site "Varese"]
[Date "2022.10.08"]
[Round "2"]
[White "Tomassoni, Leonardo"]
[Black "Soncin, Riccardo"]
[Result "0-1"]
[WhiteElo "1667"]
[BlackElo "1548"]
[PlyCount "100"]
[EventDate "2022.10.07"]
[EventType "swiss"]
[EventRounds "5"]
[EventCountry "ITA"]
[SourceTitle "EXT 2024"]
[Source "ChessBase"]
[SourceDate "2023.10.10"]
[SourceVersion "1"]
[SourceVersionDate "2023.10.10"]
[SourceQuality "1"]

1. e4 e5 2. Nf3 Nc6 3. Bc4 Bc5 4. c3 Nf6 5. d4 exd4 6. cxd4 Bb4+ 7. Nc3 Bxc3+ 8. bxc3 Nxe4 9. Ba3 d6 10. 0-0 0-0 11. Qc2 Nf6 12. Rfe1 Ne7 13. Qb3 h6 14. Re2 Ng6 15. g3 a5 16. Rae1 b6 17. Bd3 Nh8 18. Nh4 Ba6 19. Bxa6 Rxa6 20. Bc1 Kh7 21. Re7 Re8 22. Rxe8 Nxe8 23. Nf5 Nf6 24. Qc2 Ng6 25. h4 Kg8 26. Qe2 Ra8 27. h5 Nh8 28. g4 Qe8 29. Ne7+ Kf8 30. Qf3 Qd7 31. Nf5 Re8 32. Be3 Qe6 33. Nxh6 Qd5 34. Qxd5 Nxd5 35. Nf5 Nxc3 36. h6 g6 37. Ng7 Re4 38. f3 Re7 39. Kf2 Nd5 40. Bd2 Rxe1 41. Bxe1 f6 42. Bd2 Kf7 43. Ke2 a4 44. Kd3 b5 45. Bc1 Nb4+ 46. Ke4 Nxa2 47. Bb2 b4 48. g5 fxg5 49. d5 a3 50. Ba1 b3 0-1

[Event "Arolo di Leggiuno op 4th"]
[Site "Arolo di Leggiuno"]
[Date "2015.05.10"]
[Round "4"]
[White "Tomassoni, Leonardo"]
[Black "Bolognese, Leonardo"]
[Result "1/2-1/2"]
[WhiteElo "1807"]
[BlackElo "1569"]
[PlyCount "141"]
[EventDate "2015.05.08"]
[EventType "swiss"]
[EventRounds "5"]
[EventCountry "ITA"]
[SourceTitle "CBM 166 Extra"]
[Source "ChessBase"]
[SourceDate "2015.06.18"]
[SourceVersion "1"]
[SourceVersionDate "2015.06.18"]
[SourceQuality "1"]

1. e4 e5 2. Nf3 Nc6 3. Bb5 Nge7 4. 0-0 g6 5. d4 exd4 6. Nxd4 Bg7 7. Be3 a6 8. Be2 0-0 9. Nc3 b5 10. Bf3 Ne5 11. Be2 Bb7 12. f4 N5c6 13. Bf3 Na5 14. Qc1 Nec6 15. e5 f6 16. Nxc6 Bxc6 17. Bc5 Re8 18. Bxc6 Nxc6 19. exf6 Qxf6 20. Qd2 Qf5 21. Bf2 Rac8 22. Rad1 d6 23. Rfe1 Rf8 24. Nd5 Bxb2 25. c3 Ba3 26. Re7 Rf7 27. Rde1 Nxe7 28. Nxe7+ Rxe7 29. Rxe7 Bc5 30. Bd4 Bxd4+ 31. Qxd4 Qc5 32. Qxc5 dxc5 33. Kf2 c4 34. Ke2 a5 35. Kd2 b4 36. Kc2 c5 37. Re4 Rb8 38. Rxc4 bxc3 39. Kxc3 Rb5 40. Re4 Kg7 41. g3 Kf6 42. Re8 Rb4 43. Re5 Ra4 44. Kb3 Rb4+ 45. Kc3 Rb5 46. a3 a4 47. Kc2 Rb3 48. Rxc5 Rxa3 49. Kb2 Rf3 50. Ka2 Rf2+ 51. Ka3 Rxh2 52. Kxa4 Rg2 53. Rc3 Kf5 54. Rc7 h5 55. Rc5+ Kf6 56. Rc6+ Kg7 57. Rc3 h4 58. gxh4 Rg4 59. Rf3 Rxh4 60. Kb3 Kf6 61. Kc2 Kf5 62. Kd2 Rxf4 63. Ke3 Rxf3+ 64. Kxf3 Kg5 65. Kg3 Kf5 66. Kf3 g5 67. Kg3 g4 68. Kg2 Kf4 69. Kf2 g3+ 70. Kg2 Kg4 71. Kg1 1/2-1/2

[Event "Arolo di Leggiuno op 4th"]
[Site "Arolo di Leggiuno"]
[Date "2015.05.09"]
[Round "2"]
[White "Tomassoni, Leonardo"]
[Black "D'Aulisa, Francesco"]
[Result "1-0"]
[WhiteElo "1807"]
[BlackElo "1775"]
[PlyCount "93"]
[EventDate "2015.05.08"]
[EventType "swiss"]
[EventRounds "5"]
[EventCountry "ITA"]
[SourceTitle "CBM 166 Extra"]
[Source "ChessBase"]
[SourceDate "2015.06.18"]
[SourceVersion "1"]
[SourceVersionDate "2015.06.18"]
[SourceQuality "1"]

1. e4 d6 2. d4 e6 3. Nf3 h6 4. c4 Nd7 5. Be2 Ne7 6. Nc3 b6 7. 0-0 Bb7 8. a4 g5 9. d5 e5 10. Be3 Ng6 11. g3 Bc8 12. a5 Rg8 13. axb6 cxb6 14. Qa4 Bb7 15. Qb3 Be7 16. Ra2 Qc8 17. Rfa1 a6 18. Bxb6 Nf4 19. Bf1 Rb8 20. Qa4 Kf8 21. Ba7 Ra8 22. Be3 Nf6 23. Qd1 Ng4 24. b4 Nf6 25. b5 Qg4 26. bxa6 Bc8 27. Ne1 Nh3+ 28. Kh1 Qxd1 29. Rxd1 h5 30. a7 Ng4 31. Bxh3 Nxe3 32. Rb1 Bxh3 33. Rb8+ Kg7 34. Rxg8+ Kxg8 35. fxe3 Bd7 36. Nc2 Bd8 37. Nb4 Bb6 38. Nc6 Bxe3 39. Nb5 Bg4 40. Kg2 Bb6 41. Ra6 Bc5 42. Nc7 Bc8 43. Ne7+ Kg7 44. Nxc8 Rxc8 45. a8Q Rxc7 46. Qb8 Re7 47. Ra8 1-0

[Event "Varese op 13th"]
[Site "Varese"]
[Date "2014.10.12"]
[Round "4"]
[White "Montilli, Vincenzo"]
[Black "Tomassoni, Leonardo"]
[Result "1-0"]
[WhiteElo "2122"]
[BlackElo "1796"]
[PlyCount "57"]
[EventDate "2014.10.10"]
[EventType "swiss"]
[EventRounds "5"]
[EventCountry "ITA"]
[SourceTitle "EXT 2016"]
[Source "ChessBase"]
[SourceDate "2015.10.08"]
[SourceVersion "1"]
[SourceVersionDate "2015.10.08"]
[SourceQuality "1"]

1. Nf3 Nf6 2. c4 c5 3. g3 Nc6 4. Bg2 g6 5. 0-0 Bg7 6. Nc3 d6 7. d4 cxd4 8. Nxd4 Nxd4 9. Qxd4 0-0 10. Rd1 Qa5 11. Qh4 Qb4 12. Nb5 Bg4 13. Bxb7 Rab8 14. Bf3 Qxc4 15. Nxa7 Qa4 16. Be3 Rxb2 17. Nc6 e5 18. Rxd6 Rxa2 19. Rxa2 Qxa2 20. Bxg4 Qb1+ 21. Kg2 Qe4+ 22. Bf3 Qxh4 23. gxh4 e4 24. Bd4 exf3+ 25. Kxf3 Nh5 26. Rd7 Nf6 27. Ra7 h5 28. e3 Rc8 29. Ne7+ 1-0

[Event "Imperia op-A 54th"]
[Site "Imperia"]
[Date "2012.09.05"]
[Round "4"]
[White "Tomassoni, Leonardo"]
[Black "Arigoni, Bruno"]
[Result "1/2-1/2"]
[WhiteElo "1891"]
[BlackElo "2071"]
[PlyCount "95"]
[EventDate "2012.09.02"]
[EventType "swiss"]
[EventRounds "9"]
[EventCountry "ITA"]
[SourceTitle "EXT 2014"]
[Source "ChessBase"]
[SourceDate "2013.11.20"]
[SourceVersion "1"]
[SourceVersionDate "2013.11.20"]
[SourceQuality "1"]

1. e4 e5 2. Nf3 Nc6 3. Bc4 Nf6 4. Ng5 d5 5. exd5 Na5 6. Bb5+ c6 7. dxc6 bxc6 8. Be2 h6 9. Nf3 e4 10. Ne5 Qc7 11. d4 Bd6 12. Bf4 0-0 13. 0-0 Nd5 14. Bg3 Ne7 15. Qd2 Nf5 16. b4 Nxg3 17. hxg3 Bxe5 18. dxe5 Qxe5 19. Nc3 Nb7 20. Qe3 Re8 21. Rad1 Nd6 22. Qd4 Nf5 23. Qxe5 Rxe5 24. Rd8+ Kh7 25. Bg4 g6 26. Re1 e3 27. fxe3 Kg7 28. e4 h5 29. Bh3 Bb7 30. Rd7 Rb8 31. Kf2 Nh6 32. a3 a5 33. Rc7 axb4 34. axb4 Ng4+ 35. Kf3 Nh6 36. Ra1 g5 37. Bd7 Re7 38. Ra7 Ba8 39. Bxc6 Rxc7 40. Rxc7 Bxc6 41. Rxc6 Rxb4 42. Nd5 Rb1 43. Rc7 Ng4 44. Ne3 Ne5+ 45. Kf2 Rb2 46. Ke2 Ra2 47. Rc5 Kf6 48. Nd5+ 1/2-1/2

[Event "Arco op 32nd"]
[Site "Arco"]
[Date "2010.10.22"]
[Round "7"]
[White "Savarese, Vincenzo"]
[Black "Tomassoni, Leonardo"]
[Result "0-1"]
[WhiteElo "1808"]
[BlackElo "1935"]
[PlyCount "52"]
[EventDate "2010.10.16"]
[EventType "swiss"]
[EventRounds "9"]
[EventCountry "ITA"]
[SourceTitle "EXT 2024"]
[Source "ChessBase"]
[SourceDate "2023.10.10"]
[SourceVersion "1"]
[SourceVersionDate "2023.10.10"]
[SourceQuality "1"]

1. e4 c5 2. c3 Nf6 3. e5 Nd5 4. d4 cxd4 5. Nf3 e6 6. cxd4 Nc6 7. Nc3 Bb4 8. Bd2 a6 9. Bd3 Qa5 10. Rc1 Bxc3 11. bxc3 Qxa2 12. 0-0 Qa3 13. Ng5 Qe7 14. Qf3 h6 15. Ne4 0-0 16. Bxh6 f5 17. Bg5 fxe4 18. Qxe4 Qxg5 19. Qh7+ Kf7 20. Qh3 Nf4 21. Qf3 Ke7 22. Bb1 b5 23. Rfe1 Bb7 24. Be4 a5 25. c4 Nxd4 26. Qd1 Bxe4 0-1

[Event "Imperia op-A 52th"]
[Site "Imperia"]
[Date "2010.09.02"]
[Round "6"]
[White "Tomassoni, Leonardo"]
[Black "Cugini, Verter"]
[Result "1/2-1/2"]
[WhiteElo "1935"]
[BlackElo "2122"]
[PlyCount "85"]
[EventDate "2010.08.29"]
[EventType "swiss"]
[EventRounds "9"]
[EventCountry "ITA"]
[SourceTitle "EXT 2024"]
[Source "ChessBase"]
[SourceDate "2023.10.10"]
[SourceVersion "1"]
[SourceVersionDate "2023.10.10"]
[SourceQuality "1"]

1. e4 e6 2. d4 d5 3. Nc3 Nf6 4. e5 Ne4 5. a3 Nxc3 6. bxc3 c5 7. Bd2 c4 8. Nf3 Be7 9. Be2 Bd7 10. h3 Ba4 11. Qc1 Nc6 12. 0-0 Kd7 13. Ne1 g6 14. Bh6 Qa5 15. Qb2 b5 16. Nf3 Bf8 17. Bg5 Rg8 18. Nh2 h5 19. f4 Be7 20. Nf3 Raf8 21. Bf6 Qd8 22. Bg5 a5 23. Rfe1 Rh8 24. h4 Qb6 25. Bf6 Bxf6 26. exf6 Qd8 27. Ne5+ Kc7 28. Rab1 Qxf6 29. g3 Rb8 30. Qc1 Qe7 31. Bf3 Rhd8 32. Re3 Nxe5 33. fxe5 Rg8 34. Kh2 g5 35. Bxh5 gxh4 36. g4 f5 37. exf6 Qxf6 38. Qe1 Rb6 39. Qe2 Rf8 40. Kh3 Kd7 41. Re1 Rd6 42. Qg2 Ke7 43. g5 1/2-1/2

[Event "Varese Province-ch"]
[Site "Gallarate"]
[Date "2010.01.31"]
[Round "5"]
[White "Ambrosini, Andrea"]
[Black "Tomassoni, Leonardo"]
[Result "0-1"]
[WhiteElo "1449"]
[BlackElo "1937"]
[PlyCount "89"]
[EventDate "2010.01.23"]
[EventType "swiss"]
[EventRounds "6"]
[EventCountry "ITA"]
[SourceTitle "EXT 2024"]
[Source "ChessBase"]
[SourceDate "2023.10.10"]
[SourceVersion "1"]
[SourceVersionDate "2023.10.10"]
[SourceQuality "1"]

1. e4 c5 2. Nf3 d6 3. Bc4 e6 4. Nc3 Nf6 5. d3 Nc6 6. 0-0 Be7 7. Bb5 0-0 8. Bxc6 bxc6 9. h3 e5 10. Nh2 Rb8 11. b3 d5 12. f3 Ba6 13. Bb2 c4 14. Re1 d4 15. Nb1 cxd3 16. cxd3 Qa5 17. Re2 Nh5 18. Bc1 Ng3 19. Rf2 Rxb3 20. axb3 Qxa1 21. Bb2 Qa5 22. Nf1 Nh5 23. g3 Qb5 24. f4 Qxd3 25. Qxd3 Bxd3 26. Nbd2 f6 27. Rf3 Bb5 28. Bc1 Rb8 29. Kg2 Be2 30. Rf2 Bd1 31. fxe5 fxe5 32. Rf5 Nf6 33. Rxe5 Bb4 34. Nc4 Bxb3 35. Nfd2 Bc2 36. Kf3 Ra8 37. Bb2 c5 38. Ba3 Rc8 39. Re7 a5 40. Ra7 a4 41. Nb6 Re8 42. Ndc4 Bxe4+ 43. Kf4 d3 44. Ke3 Bxa3 45. Nxa3 0-1

[Event "Imperia op-A 51st"]
[Site "Imperia"]
[Date "2009.09.02"]
[Round "5"]
[White "Tomassoni, Leonardo"]
[Black "Cornaggia, Ranieri"]
[Result "0-1"]
[WhiteElo "1951"]
[BlackElo "1933"]
[PlyCount "88"]
[EventDate "2009.08.30"]
[EventType "swiss"]
[EventRounds "9"]
[EventCountry "ITA"]
[SourceTitle "EXT 2011"]
[Source "ChessBase"]
[SourceDate "2010.11.26"]
[SourceVersion "1"]
[SourceVersionDate "2010.11.26"]
[SourceQuality "1"]

1. e4 e5 2. Nf3 Nc6 3. Bc4 Bc5 4. c3 Qe7 5. 0-0 d6 6. b4 Bb6 7. a4 a5 8. b5 Nd8 9. d4 Bg4 10. Bg5 Nf6 11. dxe5 dxe5 12. Nbd2 h6 13. Be3 Bxe3 14. fxe3 0-0 15. Qe1 Qc5 16. Ba2 Qxc3 17. Rc1 Qa3 18. Nxe5 Qxa2 19. Rxf6 Be6 20. Rf4 Qxa4 21. Ndf3 Qxb5 22. Qg3 Ra6 23. Rh4 Nc6 24. Ng4 Bxg4 25. Rxg4 Qb2 26. Rf1 Ne7 27. Nd4 Ng6 28. h4 h5 29. Rg5 a4 30. Rxh5 a3 31. Rb5 Qc3 32. Rb3 Qc5 33. Ra1 a2 34. Qf2 b6 35. Rb2 Rfa8 36. Rc2 Qb4 37. Rxc7 Qb1+ 38. Rc1 Qxe4 39. h5 Ne5 40. h6 Ng4 41. Qb2 Qxe3+ 42. Kh1 Qxh6+ 43. Kg1 Qh2+ 44. Kf1 Qh1+ 0-1

[Event "Imperia op-A 50th"]
[Site "Imperia"]
[Date "2008.09.01"]
[Round "2"]
[White "Wurm, Christoph"]
[Black "Tomassoni, Leonardo"]
[Result "1-0"]
[WhiteElo "2098"]
[BlackElo "1969"]
[PlyCount "61"]
[EventDate "2008.08.31"]
[EventType "swiss"]
[EventRounds "9"]
[EventCountry "ITA"]
[SourceTitle "MCD"]
[Source "ChessBase"]
[SourceDate "1999.07.01"]
[SourceVersion "1"]
[SourceVersionDate "1999.07.01"]
[SourceQuality "1"]

1. e4 c5 2. Nf3 d6 3. d4 cxd4 4. Nxd4 a6 5. c4 Nf6 6. Nc3 e6 7. Be2 Be7 8. 0-0 Nbd7 9. Be3 0-0 10. Rc1 Qc7 11. b3 Nc5 12. Qc2 b6 13. Rfd1 Bb7 14. f3 Rad8 15. Bf1 Ncd7 16. Qf2 d5 17. cxd5 Ba3 18. Ncb5 Qe5 19. Nxa3 exd5 20. exd5 Nxd5 21. Nc4 Qf6 22. Ne2 b5 23. Bd4 Qg6 24. Ne3 N7f6 25. Bxf6 Nxf6 26. Qg3 Rxd1 27. Rxd1 Qh5 28. Qc7 Ba8 29. Rd8 Ne8 30. Qe7 Bc6 31. Nd4 1-0

[Event "Lugano op"]
[Site "Lugano"]
[Date "2007.11.17"]
[Round "2.18"]
[White "Huber, Ruth"]
[Black "Tomassoni, Leonardo"]
[Result "0-1"]
[WhiteElo "1800"]
[BlackElo "1975"]
[PlyCount "62"]
[EventDate "2007.11.16"]
[EventType "swiss"]
[EventRounds "5"]
[EventCountry "SUI"]
[SourceTitle "CBM 121 Extra"]
[Source "ChessBase"]
[SourceDate "2008.01.10"]
[SourceVersion "1"]
[SourceVersionDate "2008.01.10"]
[SourceQuality "1"]

1. c4 Nf6 2. Nf3 g6 3. g3 Bg7 4. Bg2 d6 5. 0-0 0-0 6. d3 c5 7. Nc3 Nc6 8. a3 Bg4 9. Rb1 a5 10. Be3 e5 11. Nd2 Qd7 12. Nd5 Nxd5 13. Bxd5 Nd4 14. Re1 Rab8 15. Bxd4 exd4 16. b4 axb4 17. axb4 b5 18. cxb5 Rxb5 19. bxc5 dxc5 20. Bc4 Rb4 21. Ne4 Qe7 22. Qc2 Bf5 23. Nd2 Bh6 24. Rxb4 cxb4 25. Nb3 Qd6 26. Qb2 Bg7 27. Qa2 h5 28. Qa6 Qxa6 29. Bxa6 Ra8 30. Bc4 Rc8 31. Rb1 Rxc4 0-1

[Event "Arco op 29th"]
[Site "Arco"]
[Date "2007.10.25"]
[Round "6"]
[White "Tomassoni, Leonardo"]
[Black "Idili, Leonardo"]
[Result "1-0"]
[WhiteElo "1975"]
[BlackElo "1735"]
[PlyCount "71"]
[EventDate "2007.10.20"]
[EventType "swiss"]
[EventRounds "9"]
[EventCountry "ITA"]
[SourceTitle "CBM 120 Extra"]
[Source "ChessBase"]
[SourceDate "2007.11.01"]
[SourceVersion "1"]
[SourceVersionDate "2007.11.01"]
[SourceQuality "1"]

1. e4 d6 2. d4 g6 3. Nc3 Bg7 4. f4 Nf6 5. Nf3 0-0 6. Bd3 Na6 7. e5 Nd7 8. Ne4 h6 9. Bd2 b6 10. Qe2 Nab8 11. h4 c5 12. c3 d5 13. g4 c4 14. Bc2 Bb7 15. Ng3 e6 16. 0-0-0 b5 17. h5 Qe8 18. hxg6 fxg6 19. f5 exf5 20. gxf5 g5 21. Rde1 Nc6 22. Qg2 Qe7 23. Rhf1 g4 24. f6 gxf3 25. fxe7 fxg2 26. exf8Q+ Nxf8 27. Rg1 Ne6 28. Rxg2 Ng5 29. Nf5 Rf8 30. Bxg5 Rxf5 31. Bxf5 hxg5 32. Rxg5 Ne7 33. Be6+ Kh7 34. Kc2 Bh6 35. Rh1 Bc6 36. Rgh5 1-0

[Event "Arco op 29th"]
[Site "Arco"]
[Date "2007.10.24"]
[Round "5"]
[White "Donatini, Andrea"]
[Black "Tomassoni, Leonardo"]
[Result "1-0"]
[WhiteElo "2044"]
[BlackElo "1975"]
[PlyCount "43"]
[EventDate "2007.10.20"]
[EventType "swiss"]
[EventRounds "9"]
[EventCountry "ITA"]
[SourceTitle "CBM 120 Extra"]
[Source "ChessBase"]
[SourceDate "2007.11.01"]
[SourceVersion "1"]
[SourceVersionDate "2007.11.01"]
[SourceQuality "1"]

1. c4 g6 2. Nc3 Bg7 3. g3 e5 4. Bg2 c6 5. d3 d6 6. e3 Nf6 7. Nge2 Bg4 8. h3 Be6 9. 0-0 Nbd7 10. Rb1 Nb6 11. b3 Qc7 12. Ba3 Nbd7 13. d4 Nb6 14. d5 Bf5 15. e4 c5 16. exf5 gxf5 17. Qc2 Qd7 18. Rfe1 a6 19. Nf4 Ke7 20. Nd3 Rae8 21. Nxc5 Qc7 22. Rxe5+ 1-0

[Event "Imperia op-A 49th"]
[Site "Imperia"]
[Date "2007.09.05"]
[Round "5"]
[White "Faraci, Antonino"]
[Black "Tomassoni, Leonardo"]
[Result "1/2-1/2"]
[WhiteElo "2051"]
[BlackElo "1987"]
[PlyCount "117"]
[EventDate "2007.09.02"]
[EventType "swiss"]
[EventRounds "9"]
[EventCountry "ITA"]
[SourceTitle "EXT 2009"]
[Source "ChessBase"]
[SourceDate "2008.11.26"]
[SourceVersion "1"]
[SourceVersionDate "2008.11.26"]
[SourceQuality "1"]

1. e4 c5 2. Nf3 d6 3. c3 Nc6 4. h3 Nf6 5. Bd3 g6 6. 0-0 Bxh3 7. gxh3 Qd7 8. Kh2 Bh6 9. Rh1 Nh5 10. Kg1 0-0-0 11. Bf1 Kb8 12. d4 Nf4 13. Bxf4 Bxf4 14. d5 Ne5 15. Nxe5 Bxe5 16. Nd2 h5 17. h4 Rdg8 18. Bh3 Qb5 19. Nf3 Bf4 20. b3 f6 21. c4 Qe8 22. Be6 Rg7 23. Kf1 g5 24. hxg5 fxg5 25. Ke2 Qf8 26. Qd3 Qf6 27. Rab1 g4 28. Ne1 h4 29. Ng2 Be5 30. Rbg1 Bd4 31. Rf1 h3 32. Ne1 h2 33. f3 g3 34. Ng2 Rf8 35. Bf5 Re8 36. Kd1 Bf2 37. Kc2 Bd4 38. Rb1 Rh8 39. b4 b6 40. bxc5 Bxc5 41. Rbd1 Qf8 42. Qb3 Rf7 43. a4 a5 44. f4 Rxf5 45. exf5 Qxf5+ 46. Qd3 Qh3 47. Qf3 Bf2 48. Rd2 Qf5+ 49. Kb3 Bg1 50. Qd3 Qg4 51. Qe2 Qg7 52. Ka2 Qc3 53. Rc2 Qb4 54. Qd3 Qxa4+ 55. Kb1 Rg8 56. Rb2 Rc8 57. Ne3 Ka7 58. Ra2 Qb4+ 59. Rb2 1/2-1/2